Quizzes
Events
Quiz Creation
Community
Videos
Private Events
Remove Ads
Sign In
Join for FREE
Feedback
Dark Mode
Quiz Categories
Sports
Geography
Music
Movies
Television
Just For Fun
Miscellaneous
History
Literature
Language
Science
Gaming
Entertainment
Religion
Holiday
For Kids
Quiz Lab
Recent
Popular Today
Quiz Kudos Today
Editor Picks
Curator Picks
Quizzes by...
Day
Popularity
Type
Ratings
Length
Year
Community
Subscriptions
Recent Discussions
Orange Saloon
Badges
Playlists
Quests
Create
Leaderboards
Showdown
Live 5
Trivia Bingo
Activity
Puzzle Library
Sporcle Events
Private Events
Virtual Trivia
Globe League
Become a Host
Pub Owners
SporcleCon
Opinionation
Our Games
Videos
Blog
Mobile Apps
Partnerships
Remove Ads and Go Orange
Feedback
Gaming
Video Games
Board Games
Card Games
Pokémon
Mario
Nintendo
Minecraft
Console
Toys
Legend of Zelda
Gaming
Video Games
Board Games
Card Games
Pokémon
Mario
Nintendo
Minecraft
Console
Toys
Legend of Zelda
Random Quiz
Search Sporcle
×
Quiz Lab
Quiz Lab
Gaming
Video Games
Type in answers that appear in a list
Type in answers that appear in a list
Classic
Best Score? Go Orange.
League of Legends Champions by Type Stats
Can you name the League of Legends Champions by Type?
By
CaptSparklePants
12m
75 Questions
429 Plays
429 Plays
429 Plays
Comments
Comments
Give Quiz Kudos
Give Quiz Kudos
-
- Ratings
hide this ad
Replay
Link that replays current quiz
Next Quiz
Link to next quiz in quiz playlist
You Got
0%
They Got
Avg Score
69%
Avg Friend Score
Upgrade to see
Score Distribution
Jump to the score distribution portion of the page
Score
0/75
Timer
12:00
0
Plays Today
% Correct
Ashe
89.5%
Soraka
87.9%
Sona
85.8%
Caitlyn
83.9%
Annie
83.4%
Garen
81.8%
Alistar
81.4%
Taric
81.1%
Akali
79.3%
Amumu
79%
Lux
78.8%
Janna
78.3%
Tristana
77.6%
Blitzcrank
77.4%
Ryze
76%
Morgana
75.8%
Anivia
75.5%
Shen
75.3%
Corki
74.4%
Cho'Gath
74.4%
Zilean
74.1%
Master Yi
72.3%
Xin Zhao
72.3%
Miss Fortune
72.3%
Teemo
71.8%
Katarina
71.6%
Veigar
71.3%
Nasus
71.1%
Tryndamere
71.1%
Warwick
70.9%
Ezreal
70.9%
Rammus
70.9%
Kassadin
70.6%
Kayle
70.2%
Brand
69.9%
Nunu
69.5%
Malzahar
69.5%
Kog'Maw
69.2%
% Correct
Twitch
68.5%
Kennen
68.3%
Jarvan IV
67.6%
Sivir
67.6%
Renekton
67.1%
Gangplank
66.7%
Heimerdinger
66.7%
Jax
66.7%
Fiddlesticks
66.4%
Galio
66.4%
Malphite
66.2%
Singed
66.2%
Udyr
66%
Cassiopeia
65.5%
LeBlanc
65.5%
Twisted Fate
65.5%
Poppy
65%
Nidalee
64.8%
Urgot
64.8%
Karma
64.8%
Irelia
64.3%
Sion
63.9%
Lee Sin
63.9%
Dr. Mundo
63.4%
Olaf
63.4%
Mordekaiser
62.5%
Karthus
62.5%
Vladimir
62.5%
Evelynn
62.5%
Swain
61.1%
Shaco
60.8%
Maokai
60.4%
Gragas
59.9%
Trundle
57.3%
Pantheon
57.1%
Nocturne
56.2%
Rumble
54.3%
Quiz Playlist
Details
Report
Send in Message
Add To Playlist
Classic:
Type in answers that appear in a list
Quiz Source
Last Updated: Feb 16, 2017
Quiz Scoreboard
CHALLENGE
Sign Up to Join the Scoreboard
Show All
Scores
Hide
Comments
May contain spoilers
Recently Published
NBA Finals Game Top Scorers (2010s)
by flibbidy
Sports
5m
Guess the 'R' Things in 3 Words
by MSUKent
Miscellaneous
3m
Actor to Badly Drawn Movie III
by MoMosMoProblems
Movies
5m
More to Explore
Quiz From the Vault
Featured Blog Post
Where Does Lost Luggage Go?
hide this ad
You Might Also Like...
Tags
Video Games Quiz
champion
Computer Games
Fantasy
Fighting
League
legend
Legends Champions
online
Today's Top Quizzes in Gaming
Browse Gaming
hide this ad
Today's Top Quizzes in Video Games
Browse Video Games
Top Contributed Quizzes in Gaming
1
Video Game Rainbow Blitz
2
Genshin Impact Logic Puzzle
3
Pokémon Gen IV Logic Puzzle (HARD)
4
Genshin Impact Logic Puzzle Quiz
5
Rainbow Six Siege Operators by Picture
6
Magic: the Gathering Set Symbols - LCI
7
Ordering Roman Numerals: Pokémon
8
St. Patrick's Pick: Gaming
9
Ultimate Genshin Impact Logic Puzzle (up to 4.3)
10
Wii Remote Buttons
Explore More
Trending Topics
Crossword
Marvel
NBA
Anime
Disney
Harry Potter
Kpop
Country
Soccer
NFL
Puzzle
WWE
The Office
Song
Pokémon
hide this ad
More By:
CaptSparklePants
Quiz
Plays
Rating
Category
Featured
Created
League of Legends Champions by Type
429
5.00
Gaming
Apr 27, 2011
1-100 in Quaternary
403
4.50
Science
Apr 25, 2011
Domesticated Animals
223
4.25
History
Apr 25, 2011
Name the Country by Currency
213
4.20
Geography
Apr 28, 2011
Go to Creator's Profile
Score Distribution
Quiz Creator Spotlight
CaptSparklePants
Follow
Send a Message
Quizzes Created
-
Created Quiz Play Count
-
More By This Creator
Popular Quizzes Today
1
Find the US States - No Outlines Minefield
2
Find the US States
3
The Countries of the World
4
10 Largest US States in Order
5
Find the Countries of Europe - No Outlines Minefield
6
US States
7
Guess the 'R' Things in 3 Words
8
NBA Finals Game Top Scorers (2010s)
More Gaming Quizzes
Overwatch 2: Damage Hero Abilities
Quiz Lab
Trending Quizzes
First Name TV: Leading Men
Match the Book to the Film II
First Name TV: Leading Women Drama
3-Word Movies in 1 Word II
Match the Book to the Film VI
Recently Updated
Women's Final Four Teams by Year
bhenderson79
Presidents Quartet II
eogle
Anything But Clue(do)
eogle
Anything But Oceanian Capitals
eogle
Anything But 7
eogle
Anything But Thing
eogle
Word Ladder: February 29
pecheneg
Song Title Questions
pecheneg
Women's NCAA Tournament #1 Seeds
pecheneg
Celebrity Mug Shots
pecheneg
Trending Topics
Harry Potter
Disney
Anime
Kpop
Marvel
NBA
Crossword
Song
The Office
WWE
Puzzle
Soccer
NFL
Pokémon
Country
Your Account Isn't Verified!
In order to create a playlist on Sporcle, you need to verify the email address you used during registration. Go to your
Sporcle Settings
to finish the process.
Report this User
Report this user for behavior that violates our
Community Guidelines
.
Details:
Send Report
Go to the Sporcle.com Mobile Site →
Comments